|
|
|
|
| LEADER |
00000nam0a2200000 4500 |
| 001 |
159687 |
| 005 |
20231031155327.0 |
| 010 |
|
|
|a 5020013404
|
| 020 |
|
|
|a RU
|b 90-50462
|
| 035 |
|
|
|a (RuTPU)RU\TPU\book\173198
|
| 090 |
|
|
|a 159687
|
| 100 |
|
|
|a 20090514d1990 m a0rusy5003 ca
|
| 101 |
0 |
|
|a rus
|
| 102 |
|
|
|a RU
|
| 105 |
|
|
|a a z 001zy
|
| 200 |
1 |
|
|a Каталитическая полимеризация 1,3-диенов
|f Ю. Б. Монаков, Г. А. Толстиков
|g Академия наук СССР (АН СССР), Уральское отделение (УО), Башкирский научный центр ; под ред. П. А. Кирпичникова
|
| 210 |
|
|
|a Москва
|c Наука
|d 1990
|
| 215 |
|
|
|a 211 с.
|c граф.
|d 22 см
|
| 320 |
|
|
|a Библиогр. в конце глав.
|
| 610 |
1 |
|
|a диены
|
| 610 |
1 |
|
|a полимеризация каталитическая
|
| 610 |
1 |
|
|a сополимеризация
|
| 675 |
|
|
|a 678.76
|z rus
|
| 700 |
|
1 |
|a Монаков
|b Ю. Б.
|g Юрий Борисович
|4 070
|
| 701 |
|
1 |
|a Толстиков
|b Г. А.
|g Генрих Александрович
|4 070
|
| 702 |
|
1 |
|a Кирпичников
|b П. А.
|4 340
|
| 712 |
0 |
2 |
|a Академия наук СССР (АН СССР)
|b Уральское отделение (УО)
|b Башкирский научный центр
|2 stltpush
|3 (RuTPU)RU\TPU\col\13072
|
| 801 |
|
0 |
|a RU
|b RuMRKP
|c 19950417
|g psbo
|
| 801 |
|
1 |
|a RU
|b 63413507
|c 20090514
|g PSBO
|
| 801 |
|
2 |
|a RU
|b 63413507
|c 20100201
|g PSBO
|
| 942 |
|
|
|c BK
|